Soils and environmental quality

Αποθηκεύτηκε σε:
Λεπτομέρειες βιβλιογραφικής εγγραφής
Κύριος συγγραφέας: Pierzynski, Gary M.
Άλλοι συγγραφείς: Sims, J. T., Vance, George F.
Μορφή: Βιβλίο
Γλώσσα:English
Δημοσίευση: Boca Raton : Lewis Publishers, c1994
Θέματα:
Ετικέτες: Προσθήκη ετικέτας
Δεν υπάρχουν, Καταχωρήστε ετικέτα πρώτοι!

MARC

LEADER 00000nam a2200000 i 4500
001 1/16841
008 980827s1994 eng d
020 |a 0-87371-680-9 
035 |l 10020343 
040 |a GR-MY-UA  |b gre  |e aacr 
041 0 |a eng 
082 0 |a 628.55 
100 1 |a Pierzynski, Gary M. 
245 1 0 |a Soils and environmental quality /  |c by Gary M Pierzynski, J. Thomaw Sims and Goerge F. Vance 
260 |a Boca Raton :   |b Lewis Publishers,   |c c1994 
300 |a 313 p.  |b fig. 
504 |a Includes bibliographical references and index 
650 0 0 |a Soil pollution. 
650 0 0 |a Soil remediation. 
650 0 0 |a Soils. 
700 1 |a Sims, J. T. 
700 1 |a Vance, George F. 
852 |a INST  |b LESVOS  |e 19980827  |h 628.55 PIE  |p 005100013219  |q 005100013219  |t BK  |y 0 
901 |a BIBL-1998-3 
909 |a Λ  |b 059961 
922 |a 1ΕΛΗ  |b 199808  |c ΚΠΣ/ΤΠ  |d ΠΑΠΑΣΩΤΗΡΙΟΥ 
950 |a 107-1998-05-26